Mojžík ; Ťapákovci ; Mylná cesta ; U Kanátov ; Pódi (Record no. 21170)
[ view plain ]
| 000 -LEADER | |
|---|---|
| fixed length control field | 01568cam a2200457 a 4500 |
| 001 - CONTROL NUMBER | |
| control field | 21170 |
| 003 - CONTROL NUMBER IDENTIFIER | |
| control field | VRT |
| 005 - DATE AND TIME OF LATEST TRANSACTION | |
| control field | 20260223145808.0 |
| 008 - FIXED-LENGTH DATA ELEMENTS--GENERAL INFORMATION | |
| fixed length control field | 230403s1949 xo g 000 f slo |
| 015 ## - NATIONAL BIBLIOGRAPHY NUMBER | |
| National bibliography number | SNBA19451955-012595 |
| 035 ## - SYSTEM CONTROL NUMBER | |
| System control number | SK01SNKBKSFS20020094635 |
| 035 ## - SYSTEM CONTROL NUMBER | |
| System control number | urn:nbn:sk:snk-am3hqxn |
| 035 ## - SYSTEM CONTROL NUMBER | |
| System control number | 287F3DBC-6906-4343-BAB1-DDB92EF55561 |
| 035 ## - SYSTEM CONTROL NUMBER | |
| System control number | urn:nbn:sk:snk-am00d63a |
| 035 ## - SYSTEM CONTROL NUMBER | |
| System control number | SKM000097098 |
| 039 #9 - LEVEL OF BIBLIOGRAPHIC CONTROL AND CODING DETAIL [OBSOLETE] | |
| Level of rules in bibliographic description | 202304032103 |
| Level of effort used to assign nonsubject heading access points | VLOAD |
| Level of effort used to assign subject headings | 202212050958 |
| Level of effort used to assign classification | VLOAD |
| Level of effort used to assign subject headings | 202205110915 |
| Level of effort used to assign classification | VLOAD |
| Level of effort used to assign subject headings | 202007141403 |
| Level of effort used to assign classification | csnk20 |
| 040 ## - CATALOGING SOURCE | |
| Original cataloging agency | SNK |
| Language of cataloging | slo |
| Transcribing agency | SNK |
| Description conventions | AACR2 |
| 041 0# - LANGUAGE CODE | |
| Language code of text/sound track or separate title | slo |
| 044 ## - COUNTRY OF PUBLISHING/PRODUCING ENTITY CODE | |
| MARC country code | xo |
| ISO country code | SK |
| 080 ## - UNIVERSAL DECIMAL CLASSIFICATION NUMBER | |
| Universal Decimal Classification number | 885.4-3 |
| Edition identifier | 1981 |
| 100 0# - MAIN ENTRY--PERSONAL NAME | |
| Personal name | Timrava, |
| Dates associated with a name | 1867-1951 |
| Relationship | aut |
| 245 10 - TITLE STATEMENT | |
| Title | Mojžík ; Ťapákovci ; Mylná cesta ; U Kanátov ; Pódi |
| Statement of responsibility, etc. | Timrava |
| 250 ## - EDITION STATEMENT | |
| Edition statement | 2. vyd. |
| 260 ## - PUBLICATION, DISTRIBUTION, ETC. | |
| Place of publication, distribution, etc. | [Turčiansky Sv. Martin] |
| Name of publisher, distributor, etc. | Matica slovenská |
| Date of publication, distribution, etc. | 1949 |
| Place of manufacture | [Turčiansky Sv. Martin] |
| Manufacturer | Neografia |
| 300 ## - PHYSICAL DESCRIPTION | |
| Extent | 188, [4] s. |
| Dimensions | 8° |
| 490 1# - SERIES STATEMENT | |
| Series statement | Sobrané spisy Timravy |
| Volume/sequential designation | sv. 8 |
| 655 #7 - INDEX TERM--GENRE/FORM | |
| Genre/form data or focus term | slovenské novely |
| Source of term | SNKPH |
| 655 #7 - INDEX TERM--GENRE/FORM | |
| Genre/form data or focus term | slovenské poviedky |
| Source of term | SNKPH |
| 740 02 - ADDED ENTRY--UNCONTROLLED RELATED/ANALYTICAL TITLE | |
| Uncontrolled related/analytical title | Ťapákovci |
| 740 02 - ADDED ENTRY--UNCONTROLLED RELATED/ANALYTICAL TITLE | |
| Uncontrolled related/analytical title | Mylná cesta |
| 740 02 - ADDED ENTRY--UNCONTROLLED RELATED/ANALYTICAL TITLE | |
| Uncontrolled related/analytical title | U Kanátov |
| 740 02 - ADDED ENTRY--UNCONTROLLED RELATED/ANALYTICAL TITLE | |
| Uncontrolled related/analytical title | Pódi |
| 800 0# - SERIES ADDED ENTRY--PERSONAL NAME | |
| Personal name | Timrava, |
| Dates associated with a name | 1867-1951 |
| Title of a work | Sobrané spisy |
| 910 ## - USER-OPTION DATA (OCLC) | |
| User-option data | snk |
| 942 ## - ADDED ENTRY ELEMENTS (KOHA) | |
| Source of classification or shelving scheme | Dewey Decimal Classification |
| Koha item type | Krásna literatúra pre dospelých |
| Suppress in OPAC | No |
| 949 ## - LOCAL PROCESSING INFORMATION (OCLC) | |
| 6 | 273K0506534 |
| a | svkpoA 21764/VIII |
| b | svkpo51443 |
| 949 ## - LOCAL PROCESSING INFORMATION (OCLC) | |
| 6 | 17A0568264 |
| a | snkSD 5750/8 D1 |
| b | snkF 6185/64 |
| 949 ## - LOCAL PROCESSING INFORMATION (OCLC) | |
| 6 | 17A0568315 |
| a | snkSD 5750/8 D2 |
| b | snkK 313/69 |
| 949 ## - LOCAL PROCESSING INFORMATION (OCLC) | |
| 6 | 17A0909535 |
| a | snkSD 5750/8 |
| b | snk5850/50 |
| o | snkVIII. 1637/50 - druhé ev. číslo |
| s | 6100:20181128 |
| Stav vyradenia | Strata | Poškodenie | Spôsob nadobudnutia | Domovská knižnica | Aktuálna knižnica | Dátum nadobudnutia | Total checkouts | Čiarový kód exemplára | Date last seen | Typ exemplára |
|---|---|---|---|---|---|---|---|---|---|---|
| Dar | Obecná knižnica Horná Štubňa | Obecná knižnica Horná Štubňa | 23.02.2026 | 4736201425 | 23.02.2026 | Krásna literatúra pre dospelých |
